Key themes in interpersonal communication : (Record no. 49516)

MARC details
000 -LEADER
fixed length control field 01105nam a22002897a 4500
005 - DATE AND TIME OF LATEST TRANSACTION
control field 20101227105254.0
008 - FIXED-LENGTH DATA ELEMENTS--GENERAL INFORMATION
fixed length control field 101227t xxu||||| |||| 00| 0 eng d
010 ## - LCCN (DPL NO)
LC control number ENG-101866
020 ## - INTERNATIONAL STANDARD BOOK NUMBER
International Standard Book Number 9780071074001
Terms of availability 299.00
020 ## - INTERNATIONAL STANDARD BOOK NUMBER
International Standard Book Number 0071074007
Terms of availability 299.00
035 ## - SYSTEM CONTROL NUMBER
System control number EN-85399
037 ## - SOURCE OF ACQUISITION
Source of stock number/acquisition DBAD/PUB
040 ## - CATALOGING SOURCE
Original cataloging agency dpl
Language of cataloging Eng
082 ## - DEWEY DECIMAL CLASSIFICATION NUMBER
Classification number 302.2
100 ## - MAIN ENTRY--PERSONAL NAME
9 (RLIN) 25104
245 ## - TITLE STATEMENT
Title Key themes in interpersonal communication :
Statement of responsibility, etc by Anne Hill ... [et al.]
Remainder of title culture, identities and performance /
260 ## - PUBLICATION, DISTRIBUTION, ETC. (IMPRINT)
Place of publication, distribution, etc New Delhi
Name of publisher, distributor, etc Tata McGraw Hill
Date of publication, distribution, etc 2010
270 ## - ADDRESS
Address 7 West Patel Nagar
City New Delhi
Postal code 110008
300 ## - PHYSICAL DESCRIPTION
Extent 217 p. :
Dimensions 23cm (pbk)
Other physical details ill.
500 ## - GENERAL NOTE
General note Includes bibliographical references and index
650 ## - SUBJECT ADDED ENTRY--TOPICAL TERM
Topical term or geographic name as entry element Interpersonal communication.
9 (RLIN) 25107
650 ## - SUBJECT ADDED ENTRY--TOPICAL TERM
Topical term or geographic name as entry element Interpersonal communication
General subdivision Social aspects.
9 (RLIN) 25108
650 ## - SUBJECT ADDED ENTRY--TOPICAL TERM
Topical term or geographic name as entry element Identity (Psychology)
9 (RLIN) 25109
700 ## - ADDED ENTRY--PERSONAL NAME
9 (RLIN) 25105
Personal name Hill, Anne
Dates associated with a name 1952-
942 ## - ADDED ENTRY ELEMENTS (KOHA)
Source of classification or shelving scheme Dewey Decimal Classification
Item type English Books
Classification part 302.2
Call number suffix KEY
Holdings
Withdrawn status Lost status Source of classification or shelving scheme Damaged status Not for loan Collection code Home library Current library Date acquired Source of acquisition Cost, normal purchase price Total Checkouts Full call number Barcode Date last seen Copy number Cost, replacement price Koha item type
    Dewey Decimal Classification   Not For Loan Non-fiction D.B.Act.Division D.B.Act.Division 27/12/2010 DBAD/PUB 299.00   302.2 KEY EN-85399 27/12/2010 1 299.00 English Books

© Delhi Public Library
Hit Counter
free hit counter